000
00267nam a22001097a 4500
041
_a
ENG
245
_a
Agricultural Tractors -Field Performes And Haulage Tests Guidelnes
260
_a
New Delhi
_b
BIS
_c
2001
300
_a
05
650
_a
BIS Code
856
_u
BIS Code
999
_c
2070
_d
2070